MDQL
is popping MORE tags! Check the
thread
!
Quizzes
Events
Quiz Creation
Community
Videos
Private Events
Remove Ads
Sign In
Join for FREE
Feedback
Dark Mode
Quiz Categories
Sports
Geography
Music
Movies
Television
Just For Fun
Miscellaneous
History
Literature
Language
Science
Gaming
Entertainment
Religion
Holiday
For Kids
Quiz Lab
Recent
Popular Today
Quiz Kudos Today
Editor Picks
Curator Picks
Quizzes by...
Day
Popularity
Type
Ratings
Length
Year
Community
Subscriptions
Recent Discussions
Orange Saloon
Badges
Playlists
Quests
Create
Leaderboards
Showdown
Live 5
Trivia Bingo
Activity
Puzzle Library
Sporcle Events
Private Events
Virtual Trivia
Globe League
Become a Host
Pub Owners
SporcleCon
Opinionation
Our Games
Videos
Blog
Mobile Apps
Partnerships
Remove Ads and Go Orange
Feedback
Language
Vocabulary
Begins and Ends
Definition
Spanish
French
German
Italian
Chinese
Latin
Translation
Japanese
Language
Vocabulary
Begins and Ends
Definition
Spanish
French
German
Italian
Chinese
Latin
Translation
Japanese
Random Quiz
Search Sporcle
×
Quiz Lab
Quiz Lab
Language
French
Type in answers that appear in a list
Type in answers that appear in a list
Classic
Best Score? Go Orange.
French Vocabulary 7 Stats
Can you name the French Vocabulary?
By
kkycc
15m
135 Questions
29 Plays
29 Plays
29 Plays
Comments
Comments
Give Quiz Kudos
Give Quiz Kudos
-
- Ratings
hide this ad
Replay
Link that replays current quiz
Next Quiz
Link to next quiz in quiz playlist
You Got
0%
They Got
Avg Score
24%
Avg Friend Score
Upgrade to see
Score Distribution
Jump to the score distribution portion of the page
Score
0/135
Timer
15:00
0
Plays Today
English Word
French Word
% Correct
Happy Birthday!
Bon anniversaire
72.4%
sad
triste
62.1%
to live
vivre
58.6%
to divorce
divorcer
55.2%
Merry Christmas!
Joyeux Noel!
51.7%
hide
cacher
44.8%
jealous
jaloux
44.8%
to cry
pleurer
44.8%
to describe
decrire
41.4%
to say, to tell
dire
41.4%
to permit
permettre
41.4%
gift
un cadeau
41.4%
Have a good trip!
Bon voyage!
41.4%
furious
furieux
41.4%
surprised
surpris
41.4%
to know, be familiar with
connaitre
41.4%
whether, if
si
41.4%
to fall in love
tomber amoureux
37.9%
to write
ecrire
37.9%
to read
lire
37.9%
happy
heureux
37.9%
sensitive
sensible
37.9%
to be named, called
s'appeler
37.9%
to worry
s'inquieter
37.9%
to kiss
s'embrasser
37.9%
to get married
se marier
37.9%
to know
savoir
37.9%
absent, missing
absent
34.5%
to miss
rater
34.5%
Happy New Year!
Bonne annee!
34.5%
to take place
avoir lieu
34.5%
happy
content
34.5%
angry, stuffy
fache
34.5%
to yell
crier
34.5%
to calm down
se calmer
34.5%
to become bored
s'ennuyer
34.5%
to seperate
se separer
34.5%
half-
brother
un demi-frere
31%
half-
sister
une demi-soeur
31%
candle
une bougie
31%
cake
un gateau
31%
to share
partager
31%
delighted
ravi
31%
to have fun
s'amuser
31%
to happen
se passer
31%
English Word
French Word
% Correct
to take a walk
se promener
31%
to rest
se reposer
31%
brother-
in-
law
un beau-frere
27.6%
sister-
in-
law
une belle-soeur
27.6%
former (placed before the noun)
ancien
27.6%
authoritarian
autoritaire
27.6%
traditional
traditionnel
27.6%
fortunately
heureusement
27.6%
birthday; anniversary
un anniversaire
27.6%
flower
une fleur
27.6%
anxious
anxieux
27.6%
uneasy, anxious, worried
inquiet
27.6%
to phone each other
se telephoner
27.6%
hard, loudly
fort
27.6%
Congratulations!
Felicitations!
24.1%
Have a good vacation!
Bonnes vacances!
24.1%
to get engaged
se fiancer
24.1%
girlfriend
une blonde
20.7%
Happy Birthday!
Bonne fete!
20.7%
boyfriend
le chum
20.7%
Jewish
juives
20.7%
to feel, be affected by
ressentir
20.7%
baptism
un bapteme
20.7%
wedding
un mariage
20.7%
in love
amoureux
20.7%
unhappy
malheureux
20.7%
Don't worry!
Ne t'en fais pas!
20.7%
to remember
se rappeler
20.7%
to argue, to fight
se disputer
20.7%
It's not serious.
Ce n'est pas grave.
20.7%
It's great!
C'est l'fun!
17.2%
chat (Internet)
le clavardage
17.2%
single-
parent family
une famille monoparentale
17.2%
housewife/
husband
une femme
17.2%
cohabitation/
common-
law union
l'union libre
17.2%
to have a family likeness
avoir un air de famille
17.2%
hard-
working
travailleur
17.2%
test
une epreuve
17.2%
summer vacation
les grandes vacances
17.2%
godmother
une marraine
17.2%
godfather
un parrain
17.2%
wish
un voeu
17.2%
fireworks
des feux d'artifice
17.2%
chocolate egg
un oeuf en chocolat
17.2%
fir tree, Christmas tree
un sapin
17.2%
English Word
French Word
% Correct
embarrassed
embarrasse
17.2%
angry
en colere
17.2%
bothered/
embarrassed
gene
17.2%
to work out, to be all right
s'arranger
17.2%
to meet (for the first time)
se rencontrer
17.2%
It's boring.
C'est plate.
13.8%
silly
epais
13.8%
to fall in love
tomber en amour
13.8%
blended family
une famille recomposee
13.8%
single father/
mother
un pere
13.8%
to have... roots
avoir des racines...
13.8%
to have a world view
avoir une vision du monde
13.8%
to have confidence in oneself
etre bien dans sa peau
13.8%
rebellious
rebelle
13.8%
to teach, to learn
apprendre a
13.8%
groom/
bride
un marie
13.8%
Best wishes!
Meilleurs voeux!
13.8%
parade
un defile
13.8%
public holiday
un jour ferie
13.8%
to lose one's composure/
temper
perdre son sang-froid
13.8%
silly
niaiseux
10.3%
extended family
une famille etendue
10.3%
to get along well with someone
avoir de bons rapports avec quelqu'un
10.3%
to practise a faith
etre pratiquant
10.3%
strict, demanding
exigeant
10.3%
to have a strong work ethic
avoir le gout du travail
10.3%
to belong to
faire partie de
10.3%
civil ceremony
une ceremonie civile
10.3%
religious holiday
une fete religieuse
10.3%
street dance
un bal populaire
10.3%
to celebrate
feter
10.3%
What's wrong?
Qu'est-ce que tu as?
10.3%
to get along (with)
s'entendre (avec)
10.3%
piece of news
une nouvelle
10.3%
North African
maghrebines
6.9%
multicultural
multiculturelles
6.9%
reassuring
securisant
6.9%
to understand (understood)
comprendre (compris)
6.9%
knowledge, understanding
la connaissance
6.9%
sprig of lily of the valley
un brin de muguet
6.9%
type of cake (Twelfth Night cake)
une galette (galette des Rois)
6.9%
to seem, to appear (to be)
avoir l'air (d'etre)
6.9%
to get angry (at, with)
se facher (contre)
6.9%
see here!
voyons!
6.9%
to worry
se faire du souci
3.4%
Quiz Playlist
Details
Report
Send in Message
Add To Playlist
Classic:
Type in answers that appear in a list
Last Updated: Feb 16, 2017
Quiz Scoreboard
CHALLENGE
Sign Up to Join the Scoreboard
Show All
Scores
Hide
Comments
May contain spoilers
Recently Published
Holiday 10x10 Sorting Gallery
by lukepisani3
Holiday
15m
Two Season TV Shows II
by 123Four
Television
10m
Image Sorting: Flags VI
by Barbecue
Geography
2m
More to Explore
Quiz From the Vault
Featured Blog Post
14 Easter Pick-up Lines to Find Eggs With
hide this ad
You Might Also Like...
Tags
French Quiz
Vocabulary Quiz
English
Today's Top Quizzes in Language
Browse Language
hide this ad
Today's Top Quizzes in French
Browse French
Top Contributed Quizzes in Language
1
What Word Starts All?
2
1-10 Letter F Words III
3
1-10 Letter G Words III
4
Weisst du, aus welchen Sprachen diese Wörter stammen?
5
1-10 Letter H Words III
6
Harry Potter book 6 chapters: English & Greek
7
Arabic Numerals
8
One Thing in Common: Italy
9
1-10 Letter I Words III
10
Celtic Nations in their Language
Explore More
Trending Topics
Disney
Kpop
Anime
Crossword
Harry Potter
NBA
Marvel
Soccer
The Office
Song
Country
Pokémon
WWE
Puzzle
NFL
hide this ad
More By:
kkycc
Quiz
Plays
Rating
Category
Featured
Created
Subjonctif Roots
110
Language
Mar 20, 2012
French Vocabulary 9
45
1.00
Language
Mar 11, 2012
French Vocabulary 11
34
3.00
Language
Mar 24, 2012
French Vocabulary 7
29
Language
Mar 11, 2012
French Vocabulary 8
26
Language
Mar 11, 2012
Go to Creator's Profile
Score Distribution
Quiz Creator Spotlight
kkycc
Follow
Send a Message
Quizzes Created
-
Created Quiz Play Count
-
More By This Creator
Popular Quizzes Today
1
Find the US States - No Outlines Minefield
2
Colored Red Africa Blitz
3
Find the 'City' Movie
4
The Countries of the World
5
5x2 Blitz: Bands
6
Find the Countries of Europe - No Outlines Minefield
7
Find the US States
8
US States
More Language Quizzes
In 6 Languages: Buildings
Quiz Lab
Trending Quizzes
Colored Red Europe Blitz I
Colored Red Europe Blitz II
Colored Red Africa Blitz II
Even More Two Season TV Shows
Colored Red Africa Blitz III
Recently Updated
Odd Team Out - Big 4 Players
pecheneg
Quick Pick: 20 Twenties
pecheneg
March Madness Men's Triple Doubles
pecheneg
How Do You Spell That?
pecheneg
Godzilla Movies
pecheneg
Grab Bag: 4-10 Letters
pecheneg
2024 March Madness Bracket
pecheneg
Famous TV Couples
Peacemaker
Champions League XIs: Real Madrid
pecheneg
Largest US Cities 1790-2010
pecheneg
Trending Topics
Marvel
Anime
NBA
Kpop
Crossword
Disney
Harry Potter
Puzzle
Country
Pokémon
WWE
Soccer
NFL
The Office
Song
Your Account Isn't Verified!
In order to create a playlist on Sporcle, you need to verify the email address you used during registration. Go to your
Sporcle Settings
to finish the process.
Report this User
Report this user for behavior that violates our
Community Guidelines
.
Details:
Send Report
Go to the Sporcle.com Mobile Site →
Comments